| 000 | 01136cam a2200361 a 4500 | ||
|---|---|---|---|
| 001 | 11760732 | ||
| 003 | Ost | ||
| 005 | 20140310184347.0 | ||
| 008 | 990720s2000 nyu c 000 1 eng | ||
| 010 | _a 99039896 | ||
| 020 | _a0060284374 | ||
| 020 | _a0439322359 | ||
| 035 | _a(DLC) 99039896 | ||
| 040 |
_aDLC _cDLC _dDLC |
||
| 042 | _alcac | ||
| 050 | 0 | 0 |
_aPZ 7 _b.L2717Ti 2001 |
| 100 | 1 |
_aLangton, Jane, _d1922- _924866 |
|
| 245 | 1 | 4 |
_aThe time bike / _cJane Langton. |
| 250 | _a1st ed. | ||
| 260 |
_aNew York : _bHarperCollinsPublishers, _c2001. |
||
| 300 |
_a176 p. ; _c22 cm. |
||
| 521 | _aG6 | ||
| 526 | _c810 | ||
| 650 | 1 |
_aTime travel _vFiction. _924867 |
|
| 650 | 1 |
_aBicycles and bicycling _vFiction. _924868 |
|
| 856 | 4 | 2 |
_3Publisher description _uhttp://www.loc.gov/catdir/description/hc043/99039896.html |
| 906 |
_a7 _bcbc _corignew _d1 _eocip _f19 _gy-gencatlg |
||
| 942 |
_2lcc _cBK-SCHOLAS |
||
| 999 |
_c33884 _d33884 |
||